000
00292nam a22001337a 4500
008
210301b ||||| |||| 00| 0 eng d
020
_a
9780132576734
041
_a
eng
080
_2
4th
_a
316
100
_a
50
101
_a
SOC
245
_a
Women's Health
_c
Youngkin ,Q.E
942
_2
udc
_c
BK
999
_c
55326
_d
55326